[Event "8th Sharjah Masters B"]
[Site "Sharjah UAE"]
[Date "2025.05.20"]
[Round "4.8"]
[White "Sharipov, Davron"]
[Black "Shyaam Nikhil P"]
[Result "1/2-1/2"]
[WhiteTitle "FM"]
[BlackTitle "GM"]
[WhiteElo "2269"]
[BlackElo "2430"]
[WhiteFideId "14212358"]
[BlackFideId "5024218"]
[EventDate "2025.05.17"]

1. d4 Nf6 2. c4 e6 3. g3 Bb4+ 4. Bd2 a5 5. Bg2 O-O 6. Nf3 d5 7. Qc1 Ne4 8. O-O
Nxd2 9. Nbxd2 Nd7 10. Rd1 f5 11. Ne1 c6 12. Nd3 Bd6 13. Nf3 Nf6 14. b3 Bd7 15.
a3 Qe7 16. b4 Be8 17. Nfe5 Bh5 18. Qb2 Rfc8 19. Rdc1 Be8 20. e3 g5 21. Qb3 Kg7
22. f4 h6 23. c5 Bc7 24. Nf2 axb4 25. axb4 Qd8 26. Bf1 Rxa1 27. Rxa1 Ra8 28. Ra3
g4 29. Qa2 Rxa3 30. Qxa3 h5 31. Qa4 Qb8 32. Kg2 Qc8 33. Be2 Qb8 34. Kf1 Bd8 35.
Ke1 Bc7 36. Kd1 Bd8 37. Kc2 Be7 38. Kb3 Bd8 39. Bd3 Be7 40. Kc3 Bd8 41. Kb2 Be7
42. b5 b6 43. bxc6 bxc5+ 44. Qb5 Qc7 45. dxc5 Kf8 46. Bc2 Bd8 47. Nfd3 Qa5 48.
Qxa5 Bxa5 49. Nc1 Ke7 50. Nb3 Bc7 51. Ka3 Ng8 52. Nd4 Kf6 53. Nb5 Bxe5 54. fxe5+
Kxe5 55. c7 Bd7 56. Nd6 Ne7 57. Ba4 Bxa4 58. Kxa4 d4 59. exd4+ Kxd4 60. Kb5 f4
61. gxf4 h4 62. f5 Ke5 63. f6 Kxf6 64. c6 Ke5 65. c8=Q Nxc8 66. Nxc8 g3 67. hxg3
hxg3 68. Nb6 g2 69. c7 g1=Q 70. c8=Q Qb1+ 71. Ka6 Qa2+ 72. Kb7 Qb3 73. Qh8+ Ke4
74. Qh4+ Kd3 75. Qg3+ Kc2 76. Qf2+ Kb1 77. Qe1+ Kb2 78. Qd2+ Kb1 79. Qe1+ Kb2
80. Qe5+ Kc2 81. Qe4+ Kc1 82. Ka6 Kd2 83. Nc4+ Kc3 84. Ne5 Qa3+ 85. Kb5 Qb3+ 86.
Kc5 Qa3+ 87. Kb5 Qb3+ 88. Kc6 Qd5+ 89. Qxd5 exd5 90. Kxd5 1/2-1/2

[Event "8th Sharjah Masters B"]
[Site "Sharjah UAE"]
[Date "2025.05.20"]
[Round "4.9"]
[White "Umarov, Mukhammadrizo"]
[Black "Ahmad, Al Khatib"]
[Result "1-0"]
[BlackTitle "GM"]
[WhiteElo "1942"]
[BlackElo "2283"]
[WhiteFideId "14223970"]
[BlackFideId "8103178"]
[EventDate "2025.05.17"]

1. e4 e5 2. Nf3 Nc6 3. Nc3 Nf6 4. Bb5 Bb4 5. O-O O-O 6. Bxc6 dxc6 7. d3 Nd7 8.
Ne2 Re8 9. Ng3 Nf8 10. Be3 Bd6 11. h3 c5 12. a4 Ng6 13. Nf5 Nf4 14. Nxd6 cxd6
15. d4 Nxh3+ 16. gxh3 cxd4 17. Bg5 f6 18. Bc1 Bxh3 19. Re1 Qd7 20. Nh4 g5 21.
Ng2 d5 22. Qf3 dxe4 23. Rxe4 Bf5 24. Re1 Rac8 25. c3 Rc4 26. cxd4 Rxd4 27. Be3
Rg4 28. Bxa7 e4 29. Qb3+ Be6 30. Qb5 Qf7 31. Ra3 h5 32. Rg3 h4 33. Rxg4 Bxg4 34.
Ne3 Bf3 35. Qd5 Ra8 36. Bd4 Rxa4 37. Bxf6 Qxd5 38. Nxd5 Kf7 39. Nc3 Ra6 40. Bd4
Ke6 41. Nxe4 Kf5 42. Nd2 Bc6 43. Bc3 Ra4 44. Re5+ Kf4 45. Ra5 Rxa5 46. Bxa5 g4
47. Bc7+ Kf5 48. Bd8 g3 49. Bxh4 gxf2+ 50. Kxf2 Ke5 51. Ke3 Kd5 52. Be7 Bb5 53.
b3 Ba6 54. Nb1 Bf1 55. Nc3+ Kc6 56. Kd4 Ba6 57. Ba3 Bf1 58. Ne4 Kb5 59. Nd6+ Kc6
60. Nc4 Be2 61. Ne5+ Kb5 62. Kc3 Bf1 63. Nf3 Bh3 64. Nd4+ Ka5 65. Bb4+ Kb6 66.
Be7 Ka5 67. Bd8+ b6 68. Nf3 Kb5 69. Ne5 Kc5 70. b4+ Kb5 71. Nc4 Be6 72. Na3+ Kc6
73. b5+ Kb7 74. Nc4 Bh3 75. Nxb6 Bf1 76. Nc4 Be2 77. Kb4 Bf1 78. Kc5 Bg2 79.
Nd6+ Ka7 80. Bb6+ Kb8 81. Ba5 Ka7 82. Kd4 Bf3 83. Ke5 Bg4 84. Kd5 Bf3+ 85. Ke6
Be2 86. Bc7 Bf3 87. Kd7 Bg4+ 88. Kd8 Bf3 89. Ba5 Kb8 90. Bc3 Bg2 91. Kd7 Bf3 92.
Bd4 Bg2 93. Nf7 Bf3 94. Nd8 Bg2 95. Be5+ Ka7 96. Kc7 Ka8 97. Bd4 Bf3 98. Nc6 Be2
99. b6 Ba6 100. Bc3 Bc8 101. Nd8 Bb7 102. Bd2 Bg2 103. Nc6 1-0

[Event "8th Sharjah Masters B"]
[Site "Sharjah UAE"]
[Date "2025.05.20"]
[Round "4.10"]
[White "Tarigan, Gilbert Elroy"]
[Black "Akshat, Khamparia"]
[Result "1-0"]
[WhiteTitle "IM"]
[BlackTitle "IM"]
[WhiteElo "2415"]
[BlackElo "2335"]
[WhiteFideId "7108133"]
[BlackFideId "5016541"]
[EventDate "2025.05.17"]

1. d4 Nf6 2. Nf3 e6 3. c4 d5 4. g3 Be7 5. Bg2 O-O 6. O-O dxc4 7. Qc2 b5 8. a4 b4
9. Nbd2 Bb7 10. Nxc4 c5 11. Rd1 Be4 12. Qb3 Nbd7 13. Be3 Nd5 14. dxc5 Nxc5 15.
Bxc5 Bxc5 16. Nfe5 Bxg2 17. Kxg2 Qe7 18. e4 Nf6 19. f3 Rfc8 20. Rd3 Qc7 21. Rad1
Rd8 22. R1d2 h5 23. Qd1 Rxd3 24. Rxd3 Be7 25. b3 h4 26. Qd2 hxg3 27. hxg3 Re8
28. g4 Nh7 29. Rd7 Qc5 30. Qf4 f6 31. Ng6 Nf8 32. Nxf8 Bxf8 33. e5 Re7 34. Rd6
Rf7 35. Rxe6 Qd5 36. Re8 fxe5 37. Qe3 Qd1 38. Nxe5 Rc7 39. Nc4 Rf7 40. Kg3 Kh7
41. Re6 g6 42. Rxg6 Qc2 43. Re6 Qd1 44. Ne5 Rc7 45. Nc4 Rxc4 46. bxc4 Bd6+ 47.
f4 1-0

[Event "8th Sharjah Masters B"]
[Site "Sharjah UAE"]
[Date "2025.05.20"]
[Round "4.11"]
[White "Mkrtchyan, Mariam"]
[Black "Liyanage, Ranindu Dilshan"]
[Result "1/2-1/2"]
[WhiteTitle "WIM"]
[BlackTitle "IM"]
[WhiteElo "2292"]
[BlackElo "2387"]
[WhiteFideId "13310828"]
[BlackFideId "9915834"]
[EventDate "2025.05.17"]

1. d4 Nf6 2. c4 g6 3. g3 c5 4. dxc5 Na6 5. Bg2 Bg7 6. Nh3 Nxc5 7. Nc3 O-O 8. Nf4
d6 9. O-O Bf5 10. f3 Be6 11. Nxe6 Nxe6 12. Be3 Qa5 13. Rc1 Rfd8 14. Qb3 d5 15.
Nxd5 Nxd5 16. cxd5 Qxd5 17. Qxd5 Rxd5 18. Rc2 Bd4 19. Bf2 Bxf2+ 20. Kxf2 Rad8
21. f4 Ra5 22. a3 b6 23. Rfc1 Kg7 24. Bh3 f5 25. Bg2 h6 26. Rc6 Kf7 27. R1c3 Rc5
28. R3xc5 Nxc5 29. Rc7 Rd7 1/2-1/2

[Event "8th Sharjah Masters B"]
[Site "Sharjah UAE"]
[Date "2025.05.20"]
[Round "4.12"]
[White "Poormosavi, Seyed Kian"]
[Black "Abdulkarimli, Eljan"]
[Result "1-0"]
[WhiteTitle "IM"]
[WhiteElo "2379"]
[BlackElo "2173"]
[WhiteFideId "12585807"]
[BlackFideId "13425439"]
[EventDate "2025.05.17"]

1. Nf3 d5 2. g3 Nf6 3. Bg2 g6 4. O-O Bg7 5. d3 O-O 6. Nbd2 c5 7. e4 e6 8. c3 Nc6
9. Qc2 b6 10. Rd1 Bb7 11. Nf1 Qc7 12. Bg5 h6 13. Bxf6 Bxf6 14. exd5 exd5 15. Ne3
Rad8 16. d4 cxd4 17. cxd4 Qd6 18. Rac1 Rc8 19. Qd2 Bg7 20. Rc3 f5 21. Ne5 Nxd4
22. f4 Nb5 23. Rxc8 Rxc8 24. Bxd5+ Bxd5 25. Qxd5+ Qxd5 26. Nxd5 Rc2 27. a4 Nc7
28. Ne7+ Kh7 29. Rd7 Ne6 30. N7xg6 Nc5 31. Rxa7 Nd3 32. Nh4 Nxe5 33. fxe5 Kg8
34. e6 f4 35. gxf4 b5 36. Nf5 Bxb2 37. Ra8+ Kh7 38. e7 1-0